banner-ar

السعى وراء المجد : (Record no. 65731)

MARC details
000 -الفاتح
حقل البيانات ثابتة الطول 01063nam a22002657a 4500
005 - وقت وتاريخ اخر تعامل مع التسجيلة
رقم الضبط 20240530110840.0
008 - عناصر البيانات ثابتة الطول - معلومات عامة
حقل البيانات ثابتة الطول 200912s2020 an a g b 000 0dara d
017 ## - رقم الايداع القانونى
رقم الايداع القانونى 2019/26454
المصدر ( الهيئة المختصة) مصر. دار الكتب
020 ## - الرقم الدولى المعيارى للكتب
الرقم الدولى المعيارى للكتاب 9789779126173
040 ## - مصدر الفهرسة
وكالة الفهرسة الأصلية EG-CaGPL
وكالة النسخ EG-CaGPL
082 04 - رقم تصنيف ديوى العشرى
رقم الطبعة 21
رقم التصنيف 940.25
رقم المادة ب س
100 1# - المدخل الرئيسى - إسم شخصى
الإسم الشخصى بلاننج ، تيم
245 02 - بيان العنوان
العنوان السعى وراء المجد :
بقية العنوان اوروبا 1648 - 1815 م /
بيان المسئوليه,etc تاليف تيم بلاننج ؛ ترجمة وتقديم وتعليق قاسم عبده قاسم
رقم الجزء/قسم العمل الجزء الاول
250 ## - بيان الطبعة
بيان الطبعة ط.1
260 ## - PUBLICATION, DISTRIBUTION, ETC. (IMPRINT)
تاريخ النشر أو التوزيع 2020
300 ## - الوصف المادى
التعداد 500 ص. ؛
أبعاد الوعاء 24 سم.
650 07 - المدخل الاضافى بالموضوع-مصطلح موضوعى
مصدر الرأس أو المصطلح qrmak
651 07 - المدخل الاضافى بالموضوع - اسم جغرافى
مصدر الرأس أو المصطلح qrmak
الاسم الجغرافي اوروبا
التقسيم الفرعي العام تاريخ
651 07 - المدخل الاضافى بالموضوع - اسم جغرافى
الاسم الجغرافي اوروبا
التقسيم الفرعي العام صناعة وتجارة
651 07 - المدخل الاضافى بالموضوع - اسم جغرافى
الاسم الجغرافي اوروبا
التقسيم الفرعي العام الاحوال الاقتصادية
651 07 - المدخل الاضافى بالموضوع - اسم جغرافى
الاسم الجغرافي اوروبا
التقسيم الفرعي العام جغرافيا
700 0# - المدخل الاضافى - اسم شخصى
الإسم الشخصى قاسم عبده قاسم
الدور مترجم ومعلق
942 ## - عناصر المدخل الإضافي( كوها)
مصدر التصنيف او مخطط الترفيف Dewey Decimal Classification
Koha [default] item type كتاب
260 ## - PUBLICATION, DISTRIBUTION, ETC. (IMPRINT)
-- القاهرة :
-- المركز القومى للترجمة ،
Holdings
حالة التراجع حالة الفقد حالة تلف ليس للاعارة المكان المؤقت الموقع الحالى موقع الترفيف تاريخ الاكتساب اجمالي اﻻعارات رقم الطلب الباركود تاريخ اخر مشاهدة تاريخ تفعيل السعر نوع وعاء كوها
        مكتبة القاهرة الكبرى مكتبة القاهرة الكبرى القاعة الرئيسية 09/12/2020   940.25\ ب س 166852 09/12/2020 09/12/2020 كتاب

Powered By

EGPV